000 00392nam a2200145Ia 4500
008 100122s9999 xx 000 0 und d
082 _b55303
_a824
100 _aपै शिरीष
245 _aकोलाज
260 _bमेहता पब्लिकेशन हाऊस
_c1998
300 _a132
630 _aकोलाज
730 _aकोलाज
942 _cBOOK
999 _c431945
_d431942